000 00596nam a2200145 4500
999 _c15821
_d15821
008 201214b ||||| |||| 00| 0 eng d
022 _a10422587
082 _aDPer 658.405 En86 2012 v. 36, n.4
100 _aDesa, Geoffrey.
_942660
245 _aResource mobilization in international social entrepreneurship:
_bbricolage as a mechanism of institutional trasformation/
_cGeoffrey Desa.
260 _aHoboken, NJ:
_bWiley Subscription Services, Inc.,
_c©2012.
300 _aVol 36 n4, 727-752 pages:
_billustrations;
_c25 cm.
650 _aEntrepreneurship
_xMobilization.
_942656
942 _2ddc
_cPER